[Event "FRA-chT U20 0203"]
[Site "Clichy"]
[Date "2003.05.02"]
[Round "8.4"]
[White "Danel, Clement"]
[Black "Dourerassou, Jonathan"]
[Result "1-0"]
[WhiteElo "1590"]
[BlackElo "2155"]
[PlyCount "54"]
[EventDate "2002.12.??"]
[EventType "team"]
[EventRounds "11"]
[EventCountry "FRA"]
[SourceTitle "EXT 2004"]
[Source "ChessBase"]
[SourceDate "2003.11.25"]
[SourceVersion "1"]
[SourceVersionDate "2003.11.25"]
[SourceQuality "1"]
[WhiteTeam "Montpellier"]
[BlackTeam "Creteil"]
[WhiteTeamCountry "FRA"]
[BlackTeamCountry "FRA"]

1. d4 Nf6 2. c4 g6 3. Nc3 d5 4. cxd5 Nxd5 5. e4 Nxc3 6. bxc3 Bg7 7. Bc4 c5 8. Be3 Nc6 9. Ne2 0-0 10. 0-0 Bg4 11. f3 cxd4 12. cxd4 Na5 13. Bxf7+ Rxf7 14. fxg4 Rxf1+ 15. Qxf1 Qd7 16. h3 Nc4 17. Qf3 Rf8 18. Qg3 Qe6 19. Nc3 b5 20. a3 Nxa3 21. d5 Qa6 22. Bc5 b4 23. e5 Qc4 24. Na4 Qxd5 25. Re1 Nc2 26. Re2 Qd1+ 27. Kh2 Qxe2 1-0